Daily Capital City Riddle #106 - Statistics

General Stats
  • This quiz has been taken 39 times
  • The average score is 30 of 37
Answer Stats
Type Answer % Correct
Found Letter A
100%
Alphabet Letter D
100%
Found Letter I
100%
Alphabet Letter N
100%
Alphabet Letter O
100%
Alphabet Letter E
97%
Alphabet Letter G
97%
Correctly Placed Letter I
97%
Found Letter L
97%
Found Letter R
97%
Found Letter S
97%
Found Letter T
97%
Alphabet Letter C
93%
Alphabet Letter H
93%
Alphabet Letter W
93%
Found Letter B
87%
Alphabet Letter M
87%
Correctly Placed Letter A
83%
Alphabet Letter U
83%
Found Letter V
83%
Correctly Placed Letter B
77%
Alphabet Letter P
77%
Correctly Placed Letter A
73%
Alphabet Letter K
73%
Correctly Placed Letter R
70%
Correctly Placed Letter T
70%
Alphabet Letter J
67%
Alphabet Letter Y
67%
Alphabet Letter Z
67%
Correctly Placed Letter A
60%
Alphabet Letter X
60%
Alphabet Letter F
57%
Alphabet Letter Q
57%
Correctly Placed Letter S
57%
Mystery Capital Bratislava
53%
Correctly Placed Letter L
53%
Correctly Placed Letter V
53%
No matching quizzes found
Score Distribution
Percent of People with Each Score
Percentile by Number Answered
Your Score History
You have not taken this quiz